Statistical Process Control And Quality Improvement (Record no. 303007)

MARC details
000 -LEADER
fixed length control field 00483nam a2200169Ia 4500
008 - FIXED-LENGTH DATA ELEMENTS--GENERAL INFORMATION
fixed length control field 230718s9999 xx 000 0 und d
041 ## - LANGUAGE CODE
Language code of text/sound track or separate title eng
082 ## - DEWEY DECIMAL CLASSIFICATION NUMBER
Classification number 658.528
Item number SMI
100 ## - MAIN ENTRY--PERSONAL NAME
Personal name Smith G.M.
9 (RLIN) 162712
245 ## - TITLE STATEMENT
Title Statistical Process Control And Quality Improvement
260 ## - PUBLICATION, DISTRIBUTION, ETC. (IMPRINT)
Date of publication, distribution, etc. 2000
Name of publisher, distributor, etc. Prentice Hall Of India
300 ## - PHYSICAL DESCRIPTION
Extent 650
Accompanying material [OBSOLETE, CAN/MARC] Ref 115 G (14214)
365 ## - TRADE PRICE
Currency code Rs.
Price amount 3542.75
500 ## - GENERAL NOTE
Keywords 115 GEN
700 ## - ADDED ENTRY--PERSONAL NAME
Personal name Smith G.M.
9 (RLIN) 162712
906 ## - LOCAL DATA ELEMENT F, LDF (RLIN)
d B:80124-Jan-2002
c INST
b 531.4125
Holdings
Withdrawn status Lost status Source of classification or shelving scheme Reference No Damaged status Not for loan Home library Current library Date acquired Vendor Budget Code Cost, normal purchase price Bill number Full call number Barcode Date last seen Discount Cost, replacement price Bill Date Koha item type Original Barcode
    Dewey Decimal Classification Ref 115 G (14214)   Reference Cummins College of Engineering for Women Pune Cummins College of Engineering for Women Pune 22/02/2002 SNJA INST 3011.34 801 658.528 CCEP-BK-14214 18/07/2023 531.4125 3542.75 24/01/2002 Books 014214